| 000 | 00372nam a22001577a 4500 | ||
|---|---|---|---|
| 005 | 20180801142729.0 | ||
| 008 | 160624b xxu||||| |||| 00| 0 eng d | ||
| 041 | _aeng | ||
| 082 |
_b9793 _a658.3 |
||
| 100 |
_aMamoria, C.B and Gankar, S.V. _92658 |
||
| 245 | _aPersonnal Management | ||
| 260 |
_bHPH _adelhi |
||
| 300 | _a908p, | ||
| 650 |
_aManagement _9241 |
||
| 942 | _cBK | ||
| 999 |
_c3830 _d3829 |
||